El Salvador City Quiz - Statistics

General Stats
  • This quiz has been taken 51 times
  • The average score is 3 of 5
Answer Stats
City % Correct
San Salvador
100%
San Miguel
65%
Santa Ana
62%
Soyapango
18%
Apopa
6%
No matching quizzes found
Score Distribution
Percent of People with Each Score
Percentile by Number Answered
Your Score History
You have not taken this quiz